书目信息 |
| 题名: |
卫星导航定位新技术及应用
|
|
| 作者: | 边少锋 , 纪兵 , 李厚朴 编著 | |
| 分册: | ||
| 出版信息: | 北京 科学出版社 2023.07 |
|
| 页数: | 294页 | |
| 开本: | 26cm | |
| 丛书名: | ||
| 单 册: | ||
| 中图分类: | P228.4 | |
| 科图分类: | ||
| 主题词: | 卫星导航--wei xing dao hang--全球定位系统--高等教育--教材 | |
| 电子资源: | ||
| ISBN: | 978-7-03-075969-6 | |
| 000 | 01411nam0 2200265 450 | |
| 001 | 91243 | |
| 005 | 20250816192205.93 | |
| 010 | @a978-7-03-075969-6@dCNY118.00 | |
| 100 | @a20230906d2023 em y0chiy50 ea | |
| 101 | 0 | @achi |
| 102 | @aCN@b110000 | |
| 105 | @aa z 000yy | |
| 106 | @ar | |
| 200 | 1 | @a卫星导航定位新技术及应用@Awei xing dao hang ding wei xin ji shu ji ying yong@f边少锋, 纪兵, 李厚朴编著 |
| 210 | @a北京@c科学出版社@d2023.07 | |
| 215 | @a294页@c图@d26cm | |
| 330 | @a本书跟踪、阐述当前卫星导航系统定位的发展动态, 以满足该领域中不同用户的需求, 主要内容包括: GiNSS精密定位基本数学原理, 主要闸述精密定位中的整数估计及基于格基规约的整数估计方法等 ; 网络RTK技术, 主要阐述网络RTK技术的种类、技术优势: 精密单点定位技术, 主要阐述精密单点定位基本原理、误差来源及处理方法, 以及模糊度固定的研究进展: 北斗/GNSS地基/星基增强系统, 主要阐述地基/星基增强的系统构成和涉及的关键技术 ; GNSS组合导航, 主要阐述GNSS与INS、GIS、天文导航、视觉导航等方式组合导航的关键技术及技术优势 ; GNSS遥感新技术, 主要阐述GNSS折射与反射遥感可获取的有效观测量及相关的新技术。 | |
| 333 | @a科学出版社“十四五”普通高等教育研究生规划教材 | |
| 606 | 0 | @a卫星导航@Awei xing dao hang@x全球定位系统@x高等教育@j教材 |
| 690 | @aP228.4@v5 | |
| 701 | 0 | @a边少锋@Abian shao feng@4编著 |
| 701 | 0 | @a纪兵@Aji bing@4编著 |
| 701 | 0 | @a李厚朴@Ali hou po@4编著 |
| 801 | 0 | @aCN@c20250909 |
| 905 | @a河南城建学院图书馆@dP228.4@eB787@f1 | |
| 卫星导航定位新技术及应用/边少锋, 纪兵, 李厚朴编著.-北京:科学出版社,2023.07 |
| 294页:图;26cm |
| 使用对象:科学出版社“十四五”普通高等教育研究生规划教材 |
| ISBN 978-7-03-075969-6:CNY118.00 |
| 本书跟踪、阐述当前卫星导航系统定位的发展动态, 以满足该领域中不同用户的需求, 主要内容包括: GiNSS精密定位基本数学原理, 主要闸述精密定位中的整数估计及基于格基规约的整数估计方法等 ; 网络RTK技术, 主要阐述网络RTK技术的种类、技术优势: 精密单点定位技术, 主要阐述精密单点定位基本原理、误差来源及处理方法, 以及模糊度固定的研究进展: 北斗/GNSS地基/星基增强系统, 主要阐述地基/星基增强的系统构成和涉及的关键技术 ; GNSS组合导航, 主要阐述GNSS与INS、GIS、天文导航、视觉导航等方式组合导航的关键技术及技术优势 ; GNSS遥感新技术, 主要阐述GNSS折射与反射遥感可获取的有效观测量及相关的新技术。 |
| ● |
| 相关链接 |
|
|
|
正题名:卫星导航定位新技术及应用
索取号:P228.4/B787
 
预约/预借
| 序号 | 登录号 | 条形码 | 馆藏地/架位号 | 状态 | 备注 |
| 1 | 1625205 | 216252052 | 自科库401/401自科库 121排2列2层/ [索取号:P228.4/B787] | 在馆 |